| 000 | 02975cam a2200769Ia 4500 | ||
|---|---|---|---|
| 999 |
_c51 _d51 |
||
| 001 | 706018268 | ||
| 003 | OCoLC | ||
| 005 | 20190724140422.0 | ||
| 008 | 110306t20112009nyu d 000 1 eng d | ||
| 020 |
_a9780142419823 _q(pbk.) |
||
| 020 |
_a0142419826 _q(pbk.) |
||
| 035 | _a(OCoLC)706018268 | ||
| 040 |
_aBTCTA _beng _cBTCTA _dKH8 |
||
| 043 |
_an-us--- _an-us-ny |
||
| 049 | _aNYPP | ||
| 082 | 0 | 4 |
_aFIC GRI _223 |
| 091 | _aFIC | ||
| 100 | 1 |
_aGriffin, Paul, _d1966- |
|
| 245 | 1 | 4 |
_aThe Orange Houses / _cPaul Griffin. |
| 260 |
_aNew York : _bSpeak, _c2011, ℗♭2009. |
||
| 300 |
_a147, 7 pages ; _c21 cm. |
||
| 336 |
_atext _btxt _2rdacontent. |
||
| 337 |
_aunmediated _bn _2rdamedia. |
||
| 338 |
_avolume _bnc _2rdacarrier. |
||
| 520 | _aTamika, a fifteen-year-old hearing-impaired girl, Jimmi, an eighteen-year-old veteran who stopped taking his antipsychotic medication, and sixteen-year-old Fatima, an illegal immigrant from Africa, meet and connect in their Bronx, New York, neighborhood, with devastating results. | ||
| 650 | 0 |
_aInterpersonal relations _vFiction. |
|
| 650 | 0 |
_aHearing impaired _vFiction. |
|
| 650 | 0 |
_aPeople with disabilities _vFiction. |
|
| 650 | 0 |
_aVeterans _vFiction. |
|
| 650 | 0 |
_aMental illness _vFiction. |
|
| 650 | 0 |
_aIllegal aliens _vFiction. |
|
| 650 | 0 |
_aAfricans _zUnited States _vFiction. |
|
| 650 | 1 |
_aInterpersonal relations _vFiction. |
|
| 650 | 1 |
_aHearing impaired _vFiction. |
|
| 650 | 1 |
_aPeople with disabilities _vFiction. |
|
| 650 | 1 |
_aVeterans _vFiction. |
|
| 650 | 1 |
_aMental illness _vFiction. |
|
| 650 | 1 |
_aIllegal aliens _vFiction. |
|
| 650 | 1 |
_aAfricans _zUnited States _vFiction. |
|
| 650 | 7 |
_aAfricans. _2fast _0(OCoLC)fst00799938. |
|
| 650 | 7 |
_aHearing impaired. _2fast _0(OCoLC)fst00953443. |
|
| 650 | 7 |
_aIllegal aliens. _2fast _0(OCoLC)fst00967153. |
|
| 650 | 7 |
_aInterpersonal relations. _2fast _0(OCoLC)fst00977397. |
|
| 650 | 7 |
_aMental illness. _2fast _0(OCoLC)fst01016547. |
|
| 650 | 7 |
_aPeople with disabilities. _2fast _0(OCoLC)fst01057245. |
|
| 650 | 7 |
_aVeterans. _2fast _0(OCoLC)fst01165710. |
|
| 650 | 7 |
_aInterpersonal relations _vFiction. _2sears. |
|
| 650 | 7 |
_aHearing impaired _vFiction. _2sears. |
|
| 650 | 7 |
_aPhysically handicapped _vFiction. _2sears. |
|
| 650 | 7 |
_aVeterans _vFiction. _2sears. |
|
| 650 | 7 |
_aMental illness _vFiction. _2sears. |
|
| 650 | 7 |
_aIllegal aliens _vFiction. _2sears. |
|
| 650 | 7 |
_aAfricans _zUnited States _vFiction. _2sears. |
|
| 651 | 0 |
_aBronx (New York, N.Y.) _vFiction. |
|
| 651 | 1 |
_aBronx (New York, N.Y.) _vFiction. |
|
| 651 | 7 |
_aNew York (State) _zNew York _zBronx. _2fast _0(OCoLC)fst01313050. |
|
| 651 | 7 |
_aUnited States. _2fast _0(OCoLC)fst01204155. |
|
| 651 | 7 |
_aBronx (New York, N.Y.) _vFiction. _2sears. |
|
| 655 | 7 |
_aFiction. _2fast _0(OCoLC)fst01423787. |
|
| 655 | 7 |
_aJuvenile works. _2fast _0(OCoLC)fst01411637. |
|
| 901 | _aMARS | ||
| 901 |
_arn _bCATBL |
||
| 908 | 1 | 4 | _aPZ7.G8813594 |
| 942 |
_2ddc _cFIC |
||
| 945 | _a.b197971155 | ||
| 946 | _am | ||